00186nam a2200073Ia 4500008004100000082001600041245004200057300001300099230907s9999||||xx |||||||||||||| ||und|| a621.43bINT 0aInternal combustion engine handbook : apages cm